000 00592cam a2200181 4500500
005 20260329002037.0
041 _afre
042 _adc
100 1 0 _aNassif, Philippe
_eauthor
245 0 0 _aFrançois Jullien : “Soyons attentifs aux transformations silencieuses”
260 _c2010.
500 _a85
690 _aChine
690 _aFrançois Jullien
690 _aTransformation
786 0 _nPhilosophie magazine | 41 | 7 | 2010-07-01 | p. 10-10 | 1951-1787
856 4 1 _uhttps://shs.cairn.info/magazine-philosophie-magazine-2010-7-page-10?lang=fr&redirect-ssocas=7080
999 _c1811136
_d1811136